000 00325nam a2200109Ia 4500
008 171211s9999 xx 000 0 und d
245 _aClout: The Art and Science of Influential Web Content
245 _cCollen Jones
260 _c2010
650 _xWeb Development
856 _uhttp://down.ebook777.com/013/9780321733016.pdf
999 _c350067
_d350067